| 000 | 00476nam a22001217a 4500 | ||
|---|---|---|---|
| 040 | _cRUA | ||
| 082 | _aAGR PHO 2024 B542 Or.1 | ||
| 100 | _aPHOEURN PHORS, ភឿន ភ័ស | ||
| 245 | _aEffect Of Bagasse And Sawdust On Oyster Mushroom Growth,ឥទ្ធិពលកាកអំពៅជាមួយអាចម៍រណាលើ ការលូតលាស់ផ្សិតអំបោះ | ||
| 260 |
_aPHNOM PENH _bRUA _c2024 |
||
| 300 |
_ax, _bill, _c29cm, |
||
| 942 | _cAGR | ||
| 999 |
_c25307 _d25307 |
||